| 000 | 01194nam a2200229 a 4500 | ||
|---|---|---|---|
| 001 | 000006058 | ||
| 005 | 20260317092750.0 | ||
| 008 | 090826s1986 dr 001 0 spa d | ||
| 040 |
_aDO-SdBNP _bspa _cBNPHU |
||
| 082 |
_a345.05044 _bA185L |
||
| 100 | 1 |
_aAcosta García, Juan Pablo _917060 |
|
| 245 | 1 | 3 |
_aLa legítima defensa / _cJuan Pablo Acosta García. |
| 260 |
_aMoca, República Dominicana : _bOffsetolga, _c1986. |
||
| 300 |
_a127 p. ; _c21 cm. |
||
| 504 | _aBibliografía: p.122-124. | ||
| 505 | 0 |
_gIntroducción -- _tBreve panorama histórico de la legítima defensa -- _tLa legítima defensa. Concepto -- _tLos sujetos en la legítima defensa -- _tDerechos y bienes defendibles legítimamente -- _tCondiciones de la legítima defensa -- _tLa legítima defensa en derecho francés y dominicano -- _tLa legítima defensa social -- _gConclusiones -- _gRecomendaciones -- _gApéndice: El Pro-Milón, discurso de Cicerón pronunciado en defensa de Milón -- _gBibliografía. |
|
| 590 | _aInventariado,2018/DG | ||
| 650 | 4 |
_aLegítima defensa _917061 |
|
| 650 | 0 |
_aAcción y defensa (Derecho) _917062 |
|
| 650 | 0 |
_aDefensa (Procedimiento penal) _917063 |
|
| 910 | _aValidado. Control de calidad EMS | ||
| 999 |
_c5854 _d5854 |
||